• 首页
  • 本馆介绍
  • 公告通知
  • 最新文献
  • 馆藏检索
  • 电子资源
  • 读者导购
  • 参考咨询
  • 我的图书馆
  • 登录
  • 详细信息显示
  • 放入我的书架
  • 预约/预借图书
  • 作者相关作品
  • 分类相关作品
  • 丛书相关作品
  • 出版社相关作品

书目信息

  • 表格格式
  • 工作单格式
  • 卡片格式
题名:
教科书中优秀传统文化道德形象的价值传承研究
    
 
作者: 全晓洁 著
分册:  
出版信息: 北京   中国社会科学出版社  2022.04
页数: [21], 386页
开本: 24cm
丛书名:
单 册:
中图分类: G423.3 , B82-092
科图分类:
主题词: 教科书--jiao ke shu--研究--中国 , 道德--dao de--研究--中国
电子资源:
ISBN: 978-7-5203-9627-1
000 01478nam0 2200301 450
001 012001003199
005 20141204134112.0
010    @a978-7-5203-9627-1@dCNY139.00
099    @aCAL 012022046274
100    @a20220905d2022 ekmy0chiy50 ea
101 0  @achi@deng@eeng
102    @aCN@b110000
105    @aak a 001yy
106    @ar
200 1  @a教科书中优秀传统文化道德形象的价值传承研究@Ajiao ke shu zhong you xiu chuan tong wen hua dao de xing xiang de jia zhi chuan cheng yan jiu@d= Research on the value inheritance of excellent traditional culture's moral image in textbooks@f全晓洁著@zeng
210    @a北京@c中国社会科学出版社@d2022.04
215    @a[21], 386页@c图@d24cm
300    @a博士论文出版项目
320    @a有书目 (第 [357]-380页) 和索引
330    @a本书以内容与形式为切入点分析优秀传统文化的道德形象在中小学教科书中的刻画, 以“古今对比”为暗线, 从内容上剖析教科书在个人、社会、国家层面对传统道德形象的传承、新释与超越; 从形式上剖析教科书在呈现方式和话语表达上体现的古今道德价值变革。从而探究教科书在刻画优秀传统文化道德形象过程中表现出的价值传承特点, 挖掘其背后的时代意义与社会根源。
510 1  @aResearch on the value inheritance of excellent traditional culture's moral image in textbooks@zeng
606 0  @a教科书@Ajiao ke shu@x研究@y中国
606 0  @a道德@Adao de@x研究@y中国
690    @aG423.3@v5
690    @aB82-092@v5
701  0 @a全晓洁@Aquan xiao jie@4著
801  0 @aCN@bAHXH@c20221111
905    @b1374273-7@dG423.3@e549@f5
    
    教科书中优秀传统文化道德形象的价值传承研究= Research on the value inheritance of excellent traditional culture's moral image in textbooks/全晓洁著.-北京:中国社会科学出版社,2022.04
    [21], 386页:图;24cm
    博士论文出版项目
    
    ISBN 978-7-5203-9627-1:CNY139.00
    本书以内容与形式为切入点分析优秀传统文化的道德形象在中小学教科书中的刻画, 以“古今对比”为暗线, 从内容上剖析教科书在个人、社会、国家层面对传统道德形象的传承、新释与超越; 从形式上剖析教科书在呈现方式和话语表达上体现的古今道德价值变革。从而探究教科书在刻画优秀传统文化道德形象过程中表现出的价值传承特点, 挖掘其背后的时代意义与社会根源。
●
相关链接 在E读中查询图书 在五车中查询图书 在当当中查询图书 在豆瓣中查询图书


正题名:教科书中优秀传统文化道德形象的价值传承研究     索取号:G423.3/549         预约/预借

序号 登录号 条形码 馆藏地/架位号 状态 备注
1 1374273   213742734   第一样本阅览室/ [索取号:G423.3/549] 在馆    
2 1374274   213742743   教育系资料室/ [索取号:G423.3/549] 在馆    
3 1374275   213742752   教育系资料室/ [索取号:G423.3/549] 已借出,限还日期为2025.03.16
借出人:周颖芳  
 
4 1374276   213742761   第四借阅区/ [索取号:G423.3/549] 在馆    
5 1374277   213742770   第四借阅区/ [索取号:G423.3/549] 在馆    
唐山师范学院图书馆 欢迎您!
大连网信软件有限公司© 版权所有